Дело о сообщении Департаменту военных поселений об условиях обучения в Дерптском ветеринарном училище кузнецкому и коновальному ...

Доступно только в Электронных читальных залах Найти на картеНа карте
RUSMARC
00004304nmc2a2200000 x 450
001c30e19d9-7aa5-4ea5-a54c-36c0d1f744ca
00520151215144831.0
100##$a20150825l18491849k l0rusy0189 ca
1010#$arus
102##$aRU
2001#$aДело о сообщении Департаменту военных поселений об условиях обучения в Дерптском ветеринарном училище кузнецкому и коновальному делу
$j5 ноября - 7 декабря 1849 г.
251##$cДело
300##$aДело
300##$aОриг. заголовок дела: Дело по отношению департамента военных поселений, о доставлении сведений, какая положена плата за содержание и обучение кузнечному и коновальному делу одного человека в Дерптском ветеринарном училище и с какого времени начинается курс учета. 5 ноября 1849 г. - 7 декабря 1849 г
801#0$aRU
$bРГИА
$c20150825
$gRCR
801#1$aRU
$bГлавНИВЦ
$c20150825
$2rusmarc
801#2$aRU
$bПБ им. Б.Н. Ельцина
$c20151215
$gRCR
$2rusmarc
850##$aРГИА
852##$aРГИА
$eФедеральное казенное учреждение "Российский государственный исторический архив" (РГИА)
$j527
937##$hРГИА
$d12085814
$aASBIBLIO_SCAN
462#0$100110dcdccd-ec79-4ee8-a204-b9d031b41c04
$12001
$aМедицинские дела Департамента народного просвещения
$1251
$cОпись
$1852
$j99
461#0$1001a74412a3-3cc5-4d21-8f0a-dfe2fbd9e72d
$12001
$aДепартамент народного просвещения Министерства народного просвещения
$1251
$cФонд
$1852
$j733
215##$a5 л.
$d36,5х26 см
371##$aДокумент не является опубликованным и широко распространяемым
105##$ay###
1222#$ad
5171#$aДело по отношению департамента военных поселений, о доставлении сведений, какая положена плата за содержание и обучение кузнечному и коновальному делу одного человека в Дерптском ветеринарном училище и с какого времени начинается курс учета. 5 ноября 1849 г. - 7 декабря 1849 г
035##$ac30e19d9-7aa5-4ea5-a54c-36c0d1f744ca
Формат отображения